Administratívna budova ABW

Na minha lista:
Detalhes bibliográficos
Autor principal: Jačišinová, Laura (Author)
Outros Autores: Jakeš, Erik (Thesis advisor)
Formato: Manuscrito Livro
Idioma:eslovaco
Publicado em: 2024
Assuntos:
Acesso em linha:http://is.stuba.sk/zp/portal_zp.pl?podrobnosti=176352
https://opac.crzp.sk/?fn=detailBiblioForm&sid=24A0BAF10DE628094472E451EC40
Tags: Adicionar Tag
Sem tags, seja o primeiro a adicionar uma tag!

MARC

LEADER 00000ntm a22000003a 4500
001 stuzp98861
003 SK-STU
005 20240920113334.6
007 ta
008 150427s2015----xo-----f-mn---000-0-slo-d
040 |a STU  |b slo 
041 0 |a slo 
100 1 |a Jačišinová, Laura  |u 010180  |4 aut  |U SvF Stavebná fakulta  |T SvF Katedra konštrukcií pozemných stavieb  |X 98460  |U V180  |Y 18  |7 98460 
242 0 1 |a Office building ABW  |y eng 
245 1 0 |a Administratívna budova ABW 
260 |c 2024 
650 4 |a stavba  |2 slo 
650 4 |a trojuholník  |2 slo 
650 4 |a Administratívna budova  |2 slo 
650 4 |a nosný systém  |2 slo 
650 4 |a Administrative building  |2 eng 
650 4 |a construction  |2 eng 
650 4 |a triangle  |2 eng 
650 4 |a supporting system  |2 eng 
700 1 |a Jakeš, Erik  |u 010180  |k Z1  |4 ths  |U SvF Stavebná fakulta  |T SvF Katedra konštrukcií pozemných stavieb  |X 2701  |U V180  |Y 18  |7 A000002701 
856 4 |u http://is.stuba.sk/zp/portal_zp.pl?podrobnosti=176352 
856 4 |u https://opac.crzp.sk/?fn=detailBiblioForm&sid=24A0BAF10DE628094472E451EC40